Khách sạn cổ kính

Uloženo v:
Podrobná bibliografie
Hlavní autor: Agatha Christie
Médium: Kniha
Jazyk:Undetermined
Vydáno: Hà Nội Hội Nhà Văn 2000
Témata:
Tagy: Přidat tag
Žádné tagy, Buďte první, kdo otaguje tento záznam!
Thư viện lưu trữ: Trung tâm Học liệu Trường Đại học Cần Thơ
LEADER 00558nam a2200193Ia 4500
001 CTU_42148
008 210402s9999 xx 000 0 und d
020 |b 25.000đ 
082 |a 823.9 
082 |b C555kh 
100 |a Agatha Christie 
245 0 |a Khách sạn cổ kính 
245 0 |c Agatha Christie 
260 |a Hà Nội 
260 |b Hội Nhà Văn 
260 |c 2000 
650 |a english fiction ( vietnamese ),english literature - 20th century 
904 |i Minh, 010704 
980 |a Trung tâm Học liệu Trường Đại học Cần Thơ